[Event "Russian Blitz Team Championship (w)"]
[Site "Sochi"]
[Date "2022.10.17"]
[Round "6.7"]
[White "Kovalevskaya, Ekaterina"]
[Black "Badelka, Olga"]
[Result "0-1"]
[BlackElo "2316"]
[WhiteElo "2254"]
[LiveChessVersion "1.4.8"]

1. Nf3 {[%clk 0:03:03]} Nf6 {[%clk 0:03:03]} 2. g3 {[%clk 0:03:04]} d5
{[%clk 0:03:05]} 3. Bg2 {[%clk 0:03:04]} e6 {[%clk 0:03:06]} 4. O-O
{[%clk 0:03:04]} Be7 {[%clk 0:03:07]} 5. c4 {[%clk 0:02:49]} d4 {[%clk 0:03:06]}
6. d3 {[%clk 0:02:42]} O-O {[%clk 0:03:05]} 7. e3 {[%clk 0:02:36]} c5
{[%clk 0:02:55]} 8. exd4 {[%clk 0:02:09]} cxd4 {[%clk 0:02:56]} 9. Na3
{[%clk 0:01:55]} Nc6 {[%clk 0:02:56]} 10. Nc2 {[%clk 0:01:56]} a5
{[%clk 0:02:52]} 11. Re1 {[%clk 0:01:52]} Re8 {[%clk 0:02:50]} 12. Bf4
{[%clk 0:01:50]} Qb6 {[%clk 0:02:28]} 13. Rb1 {[%clk 0:01:38]} Nd7
{[%clk 0:02:21]} 14. a3 {[%clk 0:01:24]} a4 {[%clk 0:02:21]} 15. h4
{[%clk 0:01:05]} Ra5 {[%clk 0:02:12]} 16. Bd2 {[%clk 0:01:01]} Ra6
{[%clk 0:02:03]} 17. Nb4 {[%clk 0:00:56]} Nxb4 {[%clk 0:01:58]} 18. axb4
{[%clk 0:00:55]} Bxb4 {[%clk 0:01:55]} 19. Bxb4 {[%clk 0:00:55]} Qxb4
{[%clk 0:01:56]} 20. Nxd4 {[%clk 0:00:54]} Nc5 {[%clk 0:00:47]} 21. Nb5
{[%clk 0:00:48]} Rd8 {[%clk 0:00:39]} 22. Re3 {[%clk 0:00:44]} Bd7
{[%clk 0:00:24]} 23. Qe1 {[%clk 0:00:33]} Qxe1+ {[%clk 0:00:24]} 24. Rbxe1
{[%clk 0:00:34]} Bxb5 {[%clk 0:00:24]} 25. cxb5 {[%clk 0:00:34]} Rb6
{[%clk 0:00:26]} 26. Re5 {[%clk 0:00:26]} Rxb5 {[%clk 0:00:23]} 27. Bf1
{[%clk 0:00:09]} Ra5 {[%clk 0:00:09]} 28. Rc1 {[%clk 0:00:06]} b6
{[%clk 0:00:10]} 29. Rc3 {[%clk 0:00:06]} f6 {[%clk 0:00:11]} 30. Re1
{[%clk 0:00:06]} Rd4 {[%clk 0:00:12]} 31. Rc4 {[%clk 0:00:05]} Rxc4
{[%clk 0:00:12]} 32. dxc4 {[%clk 0:00:06]} Ra7 {[%clk 0:00:11]} 33. Rd1 Rd7 34.
Rxd7 {[%clk 0:00:06]} Nxd7 {[%clk 0:00:14]} 35. f3 {[%clk 0:00:06]} Nc5
{[%clk 0:00:15]} 36. Kf2 {[%clk 0:00:07]} Kf7 {[%clk 0:00:16]} 37. Ke3
{[%clk 0:00:08]} e5 {[%clk 0:00:17]} 38. f4 {[%clk 0:00:08]} Ke6 {[%clk 0:00:18]}
39. Bh3+ Kd6 40. h5 {[%clk 0:00:08]} h6 {[%clk 0:00:18]} 41. Bf5 {[%clk 0:00:08]}
Ne6 {[%clk 0:00:12]} 42. Bc2 {[%clk 0:00:07]} Nc5 {[%clk 0:00:13]} 43. Bd1
{[%clk 0:00:05]} exf4+ {[%clk 0:00:12]} 44. gxf4 {[%clk 0:00:05]} Nb3
{[%clk 0:00:10]} 45. Bxb3 {[%clk 0:00:03]} axb3 {[%clk 0:00:12]} 46. Kd4
{[%clk 0:00:04]} f5 {[%clk 0:00:10]} 47. Kc3 {[%clk 0:00:05]} Ke6
{[%clk 0:00:07]} 48. Kxb3 {[%clk 0:00:06]} g5 {[%clk 0:00:08]} 49. hxg6
{[%clk 0:00:07]} h5 {[%clk 0:00:09]} 50. Kc3 {[%clk 0:00:08]} h4 {[%clk 0:00:09]}
51. b4 {[%clk 0:00:08]} h3 {[%clk 0:00:10]} 52. c5 {[%clk 0:00:09]} bxc5
{[%clk 0:00:12]} 53. b5 {[%clk 0:00:10]} h2 {[%clk 0:00:12]} 54. g7
{[%clk 0:00:11]} Ke5 55. Kd4+ 0-1

[Event "Russian Blitz Team Championship (w)"]
[Site "Sochi"]
[Date "2022.10.17"]
[Round "6.8"]
[White "Charochkina, Daria"]
[Black "Borisova, Ekaterina"]
[Result "1-0"]
[BlackElo "2134"]
[WhiteElo "2282"]
[LiveChessVersion "1.4.8"]

1. d4 {[%clk 0:03:03]} Nf6 {[%clk 0:03:03]} 2. c4 {[%clk 0:03:04]} g6
{[%clk 0:03:04]} 3. Nc3 {[%clk 0:03:04]} d5 {[%clk 0:03:05]} 4. cxd5
{[%clk 0:03:02]} Nxd5 {[%clk 0:03:06]} 5. g3 {[%clk 0:03:03]} Bg7
{[%clk 0:03:04]} 6. Bg2 {[%clk 0:03:05]} Nb6 {[%clk 0:03:04]} 7. Nf3
{[%clk 0:03:00]} O-O {[%clk 0:02:56]} 8. O-O {[%clk 0:03:01]} Nc6
{[%clk 0:02:56]} 9. e3 {[%clk 0:03:02]} Re8 {[%clk 0:02:48]} 10. Qc2
{[%clk 0:03:02]} e5 {[%clk 0:02:33]} 11. dxe5 {[%clk 0:02:43]} Nxe5
{[%clk 0:02:34]} 12. Nd4 {[%clk 0:02:43]} c6 {[%clk 0:02:23]} 13. b3
{[%clk 0:02:41]} a5 {[%clk 0:02:01]} 14. a4 {[%clk 0:02:32]} Nd5 {[%clk 0:01:54]}
15. Nxd5 {[%clk 0:02:31]} cxd5 {[%clk 0:01:54]} 16. Ba3 {[%clk 0:02:20]} Bg4
{[%clk 0:01:39]} 17. h3 {[%clk 0:02:18]} Bd7 {[%clk 0:01:39]} 18. Rad1
{[%clk 0:02:07]} Rc8 {[%clk 0:01:34]} 19. Qb1 {[%clk 0:02:07]} Qb6
{[%clk 0:01:20]} 20. Rd2 {[%clk 0:01:56]} Nc6 {[%clk 0:01:16]} 21. Nb5
{[%clk 0:01:52]} Nb4 {[%clk 0:01:12]} 22. Nd4 {[%clk 0:01:23]} Rc5
{[%clk 0:01:00]} 23. Bb2 {[%clk 0:01:07]} Rec8 {[%clk 0:00:58]} 24. Rfd1
{[%clk 0:01:07]} h5 {[%clk 0:00:55]} 25. Bf1 {[%clk 0:00:47]} Kh7
{[%clk 0:00:49]} 26. Nf3 {[%clk 0:00:39]} Bf5 {[%clk 0:00:49]} 27. Qa1
{[%clk 0:00:40]} Nc2 {[%clk 0:00:49]} 28. Qa2 {[%clk 0:00:29]} Bxb2
{[%clk 0:00:41]} 29. Qxb2 {[%clk 0:00:30]} Be4 {[%clk 0:00:37]} 30. Ng5+
{[%clk 0:00:31]} Kg8 {[%clk 0:00:36]} 31. Nxe4 {[%clk 0:00:32]} dxe4 32. Bb5
{[%clk 0:00:28]} Nb4 {[%clk 0:00:30]} 33. Rd7 {[%clk 0:00:28]} Nd3
{[%clk 0:00:09]} 34. Bxd3 {[%clk 0:00:18]} exd3 {[%clk 0:00:09]} 35. R7xd3
{[%clk 0:00:14]} Rc2 {[%clk 0:00:10]} 36. Qe5 {[%clk 0:00:14]} Qb4
{[%clk 0:00:03]} 37. Rd8+ {[%clk 0:00:12]} Kh7 {[%clk 0:00:04]} 38. Qh8#
{[%clk 0:00:13]} 1-0

[Event "Russian Blitz Team Championship (w)"]
[Site "Sochi"]
[Date "2022.10.17"]
[Round "6.9"]
[White "Maletina, Tatiana"]
[Black "Bodnaruk, Anastasia"]
[Result "1-0"]
[BlackElo "2332"]
[WhiteElo "2184"]
[LiveChessVersion "1.4.8"]

1. d4 {[%clk 0:03:03]} Nf6 {[%clk 0:03:04]} 2. c4 {[%clk 0:03:04]} g6
{[%clk 0:03:04]} 3. f3 {[%clk 0:03:04]} Bg7 {[%clk 0:03:05]} 4. e4
{[%clk 0:03:05]} d6 {[%clk 0:03:06]} 5. Nc3 {[%clk 0:03:06]} O-O {[%clk 0:03:06]}
6. Be3 {[%clk 0:03:07]} c5 {[%clk 0:03:07]} 7. Nge2 {[%clk 0:03:08]} Nc6
{[%clk 0:03:08]} 8. d5 {[%clk 0:03:03]} Na5 {[%clk 0:03:08]} 9. Nc1
{[%clk 0:02:57]} a6 {[%clk 0:03:02]} 10. Be2 {[%clk 0:02:56]} e6 {[%clk 0:02:49]}
11. a4 {[%clk 0:02:52]} exd5 {[%clk 0:02:41]} 12. cxd5 {[%clk 0:02:53]} Nd7
{[%clk 0:02:22]} 13. O-O {[%clk 0:02:49]} Ne5 {[%clk 0:02:22]} 14. Qc2
{[%clk 0:02:28]} Nec4 {[%clk 0:02:13]} 15. Bf2 {[%clk 0:02:29]} f5
{[%clk 0:01:48]} 16. b3 {[%clk 0:02:26]} Ne5 {[%clk 0:01:47]} 17. Rb1
{[%clk 0:02:09]} Bd7 {[%clk 0:01:34]} 18. Nd3 {[%clk 0:02:04]} f4
{[%clk 0:01:23]} 19. Na2 {[%clk 0:01:49]} Rc8 {[%clk 0:01:21]} 20. Nxe5
{[%clk 0:01:48]} Bxe5 {[%clk 0:01:21]} 21. Nc1 {[%clk 0:01:49]} b5
{[%clk 0:01:14]} 22. axb5 {[%clk 0:01:47]} axb5 {[%clk 0:01:15]} 23. Nd3
{[%clk 0:01:48]} Bg7 {[%clk 0:01:16]} 24. Qd2 {[%clk 0:01:44]} c4
{[%clk 0:01:09]} 25. bxc4 {[%clk 0:01:16]} Nxc4 {[%clk 0:01:10]} 26. Qd1
{[%clk 0:01:15]} g5 {[%clk 0:01:06]} 27. Nb4 {[%clk 0:01:15]} h5 {[%clk 0:00:56]}
28. Nc6 {[%clk 0:01:06]} Qe8 {[%clk 0:00:23]} 29. Rxb5 {[%clk 0:01:05]} Ne5
{[%clk 0:00:23]} 30. Rb6 {[%clk 0:00:53]} Kh7 {[%clk 0:00:16]} 31. Bb5
{[%clk 0:00:44]} Nxc6 {[%clk 0:00:08]} 32. dxc6 {[%clk 0:00:42]} Be6
{[%clk 0:00:05]} 33. Qxd6 {[%clk 0:00:41]} Rd8 {[%clk 0:00:05]} 34. Qc5
{[%clk 0:00:38]} g4 {[%clk 0:00:06]} 35. c7 {[%clk 0:00:36]} 1-0

[Event "Russian Blitz Team Championship (w)"]
[Site "Sochi"]
[Date "2022.10.17"]
[Round "6.10"]
[White "Chernyak, Viktoria"]
[Black "Kharashuta, Ekaterina"]
[Result "1/2-1/2"]
[BlackElo "2225"]
[WhiteElo "2152"]
[LiveChessVersion "1.4.8"]

1. c4 {[%clk 0:03:03]} e5 {[%clk 0:03:03]} 2. Nc3 {[%clk 0:03:04]} d6
{[%clk 0:03:04]} 3. g3 {[%clk 0:03:04]} Nf6 {[%clk 0:02:58]} 4. Bg2
{[%clk 0:03:05]} g6 {[%clk 0:02:57]} 5. e4 {[%clk 0:03:06]} Bg7 {[%clk 0:02:57]}
6. Nge2 {[%clk 0:03:07]} c5 {[%clk 0:02:55]} 7. O-O {[%clk 0:03:05]} Nc6
{[%clk 0:02:56]} 8. d3 {[%clk 0:03:05]} O-O {[%clk 0:02:56]} 9. h3
{[%clk 0:03:03]} Nd4 {[%clk 0:02:56]} 10. f4 {[%clk 0:03:00]} a6 {[%clk 0:02:46]}
11. a4 {[%clk 0:02:58]} b6 {[%clk 0:02:45]} 12. Kh2 {[%clk 0:02:40]} Bd7
{[%clk 0:02:44]} 13. Be3 {[%clk 0:02:08]} Rb8 {[%clk 0:02:28]} 14. fxe5
{[%clk 0:01:30]} dxe5 {[%clk 0:02:29]} 15. Nd5 {[%clk 0:01:29]} Nxd5
{[%clk 0:02:28]} 16. exd5 {[%clk 0:01:16]} f5 {[%clk 0:02:21]} 17. Nxd4
{[%clk 0:01:13]} cxd4 {[%clk 0:02:10]} 18. Bd2 {[%clk 0:01:14]} Qe7
{[%clk 0:02:10]} 19. Qe2 {[%clk 0:01:08]} Rfe8 {[%clk 0:01:53]} 20. Rfe1
{[%clk 0:01:09]} b5 {[%clk 0:01:45]} 21. axb5 {[%clk 0:00:56]} axb5
{[%clk 0:01:46]} 22. b3 {[%clk 0:00:46]} bxc4 {[%clk 0:01:42]} 23. bxc4
{[%clk 0:00:47]} Rb2 {[%clk 0:01:41]} 24. Reb1 {[%clk 0:00:37]} Reb8
{[%clk 0:01:42]} 25. Rxb2 {[%clk 0:00:35]} Rxb2 {[%clk 0:01:43]} 26. Ra8+
{[%clk 0:00:36]} Kf7 {[%clk 0:01:42]} 27. d6 {[%clk 0:00:19]} Qxd6
{[%clk 0:01:24]} 28. Bd5+ {[%clk 0:00:17]} Be6 {[%clk 0:01:25]} 29. Ra7+
{[%clk 0:00:18]} Kf8 {[%clk 0:01:07]} 30. Ra8+ {[%clk 0:00:18]} Kf7
{[%clk 0:01:08]} 31. Ra7+ {[%clk 0:00:16]} Kf8 {[%clk 0:00:47]} 32. Ra8+
{[%clk 0:00:17]} Kf7 {[%clk 0:00:48]} 33. Ra7+ {[%clk 0:00:18]} Kf8
{[%clk 0:00:50]} 34. Ra8+ {[%clk 0:00:19]} 1/2-1/2

[Event "Russian Blitz Team Championship (w)"]
[Site "Sochi"]
[Date "2022.10.17"]
[Round "6.11"]
[White "Zhapova, Yana"]
[Black "Getman, Tatyana"]
[Result "1/2-1/2"]
[BlackElo "2019"]
[WhiteElo "2120"]
[LiveChessVersion "1.4.8"]

1. e4 {[%clk 0:03:03]} c5 {[%clk 0:03:04]} 2. Nf3 {[%clk 0:03:03]} d6
{[%clk 0:03:05]} 3. Bb5+ {[%clk 0:03:04]} Nd7 {[%clk 0:03:06]} 4. Ba4
{[%clk 0:03:04]} Ngf6 {[%clk 0:03:05]} 5. O-O {[%clk 0:03:04]} e6
{[%clk 0:03:03]} 6. Re1 {[%clk 0:03:04]} Be7 {[%clk 0:03:04]} 7. c3
{[%clk 0:03:04]} O-O {[%clk 0:02:57]} 8. d4 {[%clk 0:03:04]} e5 {[%clk 0:02:50]}
9. dxe5 {[%clk 0:02:58]} Nxe5 {[%clk 0:02:40]} 10. Nxe5 {[%clk 0:02:56]} dxe5
{[%clk 0:02:40]} 11. Qe2 {[%clk 0:02:56]} Bg4 {[%clk 0:02:37]} 12. f3
{[%clk 0:02:53]} Be6 {[%clk 0:02:38]} 13. Be3 {[%clk 0:02:48]} a6
{[%clk 0:02:37]} 14. c4 {[%clk 0:02:43]} Qc7 {[%clk 0:02:12]} 15. Nc3
{[%clk 0:02:42]} Rfd8 {[%clk 0:02:09]} 16. Rac1 {[%clk 0:02:19]} Ne8
{[%clk 0:02:05]} 17. Bxe8 {[%clk 0:01:54]} Rxe8 {[%clk 0:02:06]} 18. Nd5
{[%clk 0:01:54]} Bxd5 {[%clk 0:01:58]} 19. cxd5 {[%clk 0:01:51]} Qa5
{[%clk 0:01:55]} 20. b3 {[%clk 0:01:42]} Rac8 {[%clk 0:01:53]} 21. Red1
{[%clk 0:01:39]} Bd6 {[%clk 0:01:54]} 22. Qf2 {[%clk 0:01:36]} Rc7
{[%clk 0:01:49]} 23. Rc2 {[%clk 0:01:30]} Rec8 {[%clk 0:01:18]} 24. Rdc1
{[%clk 0:01:30]} Qb5 {[%clk 0:01:13]} 25. Rc4 {[%clk 0:01:12]} a5
{[%clk 0:00:58]} 26. Qc2 {[%clk 0:01:08]} b6 {[%clk 0:00:41]} 27. Qe2
{[%clk 0:00:55]} Qd7 {[%clk 0:00:40]} 28. R4c2 {[%clk 0:00:50]} Ra8
{[%clk 0:00:31]} 29. a4 {[%clk 0:00:46]} g6 {[%clk 0:00:31]} 30. Qf2
{[%clk 0:00:35]} 1/2-1/2

[Event "Russian Blitz Team Championship (w)"]
[Site "Sochi"]
[Date "2022.10.17"]
[Round "6.12"]
[White "Yurasova, Daria"]
[Black "Loskutova, Viktoriya"]
[Result "1-0"]
[BlackElo "2056"]
[WhiteElo "2044"]
[LiveChessVersion "1.4.8"]

1. b3 {[%clk 0:03:02]} Nf6 {[%clk 0:03:00]} 2. Bb2 {[%clk 0:03:03]} g6
{[%clk 0:03:01]} 3. Bxf6 {[%clk 0:03:04]} exf6 {[%clk 0:03:02]} 4. e3
{[%clk 0:03:05]} d5 {[%clk 0:03:01]} 5. d4 {[%clk 0:03:06]} Bd6 {[%clk 0:03:00]}
6. g3 {[%clk 0:03:07]} O-O {[%clk 0:03:00]} 7. Bg2 {[%clk 0:03:09]} c6
{[%clk 0:03:00]} 8. Ne2 {[%clk 0:03:10]} a5 {[%clk 0:02:59]} 9. Nd2
{[%clk 0:03:09]} Na6 {[%clk 0:02:59]} 10. O-O {[%clk 0:03:09]} Re8
{[%clk 0:02:55]} 11. c4 {[%clk 0:03:09]} Nc7 {[%clk 0:02:49]} 12. Nc3
{[%clk 0:03:09]} Bb4 {[%clk 0:02:47]} 13. Qc1 {[%clk 0:03:05]} Be6
{[%clk 0:02:40]} 14. a3 {[%clk 0:03:04]} Bf8 {[%clk 0:02:38]} 15. Qb2
{[%clk 0:02:41]} h5 {[%clk 0:02:30]} 16. h4 {[%clk 0:02:42]} f5 {[%clk 0:01:48]}
17. Rfd1 {[%clk 0:02:35]} Bg7 {[%clk 0:01:24]} 18. Qc2 {[%clk 0:02:35]} Qe7
{[%clk 0:01:09]} 19. Na4 {[%clk 0:02:35]} Rab8 {[%clk 0:00:56]} 20. Nc5
{[%clk 0:02:34]} b6 {[%clk 0:00:48]} 21. Nd3 {[%clk 0:02:34]} Rec8
{[%clk 0:00:46]} 22. c5 {[%clk 0:02:13]} b5 {[%clk 0:00:46]} 23. b4
{[%clk 0:02:08]} a4 {[%clk 0:00:47]} 24. Nf3 {[%clk 0:02:09]} f6 {[%clk 0:00:43]}
25. Re1 {[%clk 0:02:09]} Qd7 {[%clk 0:00:42]} 26. Rad1 {[%clk 0:02:08]} Bh6
{[%clk 0:00:42]} 27. Nd2 {[%clk 0:02:04]} Re8 {[%clk 0:00:43]} 28. Nb1
{[%clk 0:02:03]} Bf7 {[%clk 0:00:42]} 29. Nc3 {[%clk 0:02:04]} Kh7
{[%clk 0:00:42]} 30. Ne2 {[%clk 0:02:03]} Re7 {[%clk 0:00:40]} 31. Ndf4
{[%clk 0:01:57]} Rbe8 {[%clk 0:00:38]} 32. Bh3 {[%clk 0:01:57]} Re4
{[%clk 0:00:28]} 33. Nc3 {[%clk 0:01:32]} Bxf4 {[%clk 0:00:20]} 34. Nxe4
{[%clk 0:01:33]} dxe4 {[%clk 0:00:20]} 35. exf4 {[%clk 0:01:22]} Bb3
{[%clk 0:00:21]} 36. Qd2 {[%clk 0:01:18]} Bxd1 37. Rxd1 {[%clk 0:01:20]} Qd5
{[%clk 0:00:22]} 38. Bg2 {[%clk 0:01:17]} Rd8 {[%clk 0:00:23]} 39. Qe3
{[%clk 0:01:13]} Ne6 {[%clk 0:00:22]} 40. f3 {[%clk 0:01:15]} Qc4
{[%clk 0:00:15]} 41. fxe4 {[%clk 0:01:10]} Rxd4 {[%clk 0:00:16]} 42. Re1
{[%clk 0:00:58]} fxe4 {[%clk 0:00:14]} 43. Bxe4 {[%clk 0:00:58]} Ng7
{[%clk 0:00:13]} 44. Qf3 {[%clk 0:00:47]} Rd2 {[%clk 0:00:13]} 45. f5
{[%clk 0:00:21]} Qd4+ {[%clk 0:00:12]} 46. Kh1 {[%clk 0:00:23]} gxf5
{[%clk 0:00:08]} 47. Bxf5+ {[%clk 0:00:24]} Kh6 {[%clk 0:00:08]} 48. Be4
{[%clk 0:00:16]} Qe5 {[%clk 0:00:08]} 49. Qe3+ {[%clk 0:00:17]} 1-0

[Event "Russian Blitz Team Championship (w)"]
[Site "Sochi"]
[Date "2022.10.17"]
[Round "7.1"]
[White "Diakonova, Ekaterina"]
[Black "Girya, Olga"]
[Result "0-1"]
[BlackElo "2298"]
[WhiteElo "1987"]
[LiveChessVersion "1.4.8"]

1. e4 {[%clk 0:03:03]} e5 {[%clk 0:03:04]} 2. Nf3 {[%clk 0:03:04]} Nc6
{[%clk 0:03:05]} 3. Bb5 {[%clk 0:03:05]} a6 {[%clk 0:03:06]} 4. Ba4
{[%clk 0:03:06]} Nf6 {[%clk 0:03:07]} 5. O-O {[%clk 0:03:07]} Nxe4
{[%clk 0:03:09]} 6. Re1 {[%clk 0:03:07]} Nc5 {[%clk 0:03:10]} 7. Bxc6
{[%clk 0:02:59]} dxc6 {[%clk 0:03:11]} 8. Nxe5 {[%clk 0:02:59]} Be7
{[%clk 0:03:12]} 9. d4 {[%clk 0:02:58]} Ne6 {[%clk 0:03:14]} 10. c3
{[%clk 0:02:59]} O-O {[%clk 0:03:13]} 11. Nd2 {[%clk 0:02:54]} f6
{[%clk 0:03:01]} 12. Nef3 {[%clk 0:02:53]} Re8 {[%clk 0:03:01]} 13. b3
{[%clk 0:02:29]} a5 {[%clk 0:02:57]} 14. Bb2 {[%clk 0:02:29]} Bf8
{[%clk 0:02:32]} 15. c4 {[%clk 0:02:30]} Nf4 {[%clk 0:02:28]} 16. Qc2
{[%clk 0:02:25]} Qd7 {[%clk 0:02:06]} 17. Rxe8 {[%clk 0:02:22]} Qxe8
{[%clk 0:02:07]} 18. Qe4 {[%clk 0:02:12]} Qxe4 {[%clk 0:02:04]} 19. Nxe4
{[%clk 0:02:13]} Bf5 {[%clk 0:01:58]} 20. Ned2 {[%clk 0:02:02]} a4
{[%clk 0:01:55]} 21. Nh4 {[%clk 0:01:27]} Bd7 {[%clk 0:01:47]} 22. g3
{[%clk 0:01:20]} a3 {[%clk 0:01:44]} 23. Bc1 {[%clk 0:01:11]} Nd3
{[%clk 0:01:45]} 24. Ndf3 {[%clk 0:01:05]} g5 {[%clk 0:01:30]} 25. Ng2
{[%clk 0:01:05]} Bg4 {[%clk 0:01:06]} 26. Nge1 {[%clk 0:01:06]} Nxc1
{[%clk 0:01:01]} 27. Rxc1 {[%clk 0:01:07]} Re8 {[%clk 0:00:54]} 28. Rc2
{[%clk 0:00:32]} Bb4 {[%clk 0:00:53]} 29. Kf1 {[%clk 0:00:32]} Bh3+
{[%clk 0:00:37]} 30. Ng2 {[%clk 0:00:33]} Bf5 {[%clk 0:00:37]} 31. Rc1
{[%clk 0:00:32]} Bd3+ {[%clk 0:00:32]} 32. Kg1 {[%clk 0:00:33]} Re2
{[%clk 0:00:30]} 33. Nfe1 {[%clk 0:00:34]} Bg6 {[%clk 0:00:28]} 34. Ne3
{[%clk 0:00:24]} Rxe1+ {[%clk 0:00:28]} 35. Rxe1 {[%clk 0:00:24]} Bxe1
{[%clk 0:00:29]} 36. Nd1 {[%clk 0:00:25]} Bb1 {[%clk 0:00:29]} 0-1

[Event "Russian Blitz Team Championship (w)"]
[Site "Sochi"]
[Date "2022.10.17"]
[Round "7.2"]
[White "Garifullina, Leya"]
[Black "Dimitrova, Aleksandra"]
[Result "1-0"]
[BlackElo "2051"]
[WhiteElo "2267"]
[LiveChessVersion "1.4.8"]

1. e4 {[%clk 0:03:03]} c5 {[%clk 0:03:03]} 2. Nf3 {[%clk 0:03:04]} e6
{[%clk 0:03:04]} 3. d4 {[%clk 0:03:03]} cxd4 {[%clk 0:03:05]} 4. Nxd4
{[%clk 0:03:04]} Nc6 {[%clk 0:03:06]} 5. Nc3 {[%clk 0:03:04]} Qc7
{[%clk 0:03:07]} 6. Be3 {[%clk 0:03:05]} a6 {[%clk 0:03:07]} 7. Qf3
{[%clk 0:03:06]} Nf6 {[%clk 0:03:08]} 8. Qg3 {[%clk 0:02:52]} Qxg3
{[%clk 0:03:02]} 9. hxg3 {[%clk 0:02:51]} Ng4 {[%clk 0:03:01]} 10. Nxc6
{[%clk 0:02:26]} Nxe3 {[%clk 0:03:01]} 11. Nd4 {[%clk 0:02:26]} Nxf1
{[%clk 0:03:02]} 12. Kxf1 {[%clk 0:02:24]} b5 {[%clk 0:03:02]} 13. a3
{[%clk 0:02:23]} Bb7 {[%clk 0:03:03]} 14. f3 {[%clk 0:02:24]} Rc8
{[%clk 0:03:03]} 15. Nde2 {[%clk 0:02:23]} Be7 {[%clk 0:02:44]} 16. g4
{[%clk 0:02:23]} O-O {[%clk 0:02:41]} 17. Rd1 {[%clk 0:02:21]} d6
{[%clk 0:02:39]} 18. Kf2 {[%clk 0:02:20]} f5 {[%clk 0:02:14]} 19. gxf5
{[%clk 0:02:11]} exf5 {[%clk 0:02:14]} 20. exf5 {[%clk 0:02:12]} Rxf5
{[%clk 0:02:12]} 21. Nd4 {[%clk 0:02:13]} Rf7 {[%clk 0:02:07]} 22. Nce2
{[%clk 0:02:12]} Bd8 {[%clk 0:01:55]} 23. c3 {[%clk 0:02:10]} Bb6
{[%clk 0:01:55]} 24. Kg3 {[%clk 0:02:05]} Rf6 {[%clk 0:01:48]} 25. Nf4
{[%clk 0:02:02]} Rcf8 {[%clk 0:01:45]} 26. Nde6 {[%clk 0:01:37]} Re8
{[%clk 0:01:31]} 27. Rxd6 {[%clk 0:01:16]} Bc7 {[%clk 0:00:55]} 28. Nxc7
{[%clk 0:01:15]} Rxd6 {[%clk 0:00:54]} 29. Nxe8 {[%clk 0:01:16]} Rd2
{[%clk 0:00:55]} 30. b4 {[%clk 0:01:08]} g5 {[%clk 0:00:51]} 31. Nf6+
{[%clk 0:00:42]} Kf7 {[%clk 0:00:47]} 32. Rxh7+ {[%clk 0:00:30]} Kxf6
{[%clk 0:00:47]} 33. Nh5+ {[%clk 0:00:31]} Kg6 {[%clk 0:00:46]} 34. Rxb7
{[%clk 0:00:31]} Kxh5 {[%clk 0:00:45]} 35. Rb6 {[%clk 0:00:32]} Rc2
{[%clk 0:00:42]} 36. Rc6 {[%clk 0:00:23]} Rc1 {[%clk 0:00:34]} 37. Rc5
{[%clk 0:00:22]} Kg6 {[%clk 0:00:32]} 38. Kg4 {[%clk 0:00:24]} Kf6
{[%clk 0:00:27]} 39. Rc6+ {[%clk 0:00:22]} Ke5 {[%clk 0:00:29]} 40. Kxg5
{[%clk 0:00:23]} Rc2 {[%clk 0:00:26]} 41. g4 {[%clk 0:00:24]} Rf2
{[%clk 0:00:23]} 42. f4+ {[%clk 0:00:24]} Kd5 {[%clk 0:00:20]} 43. Rc5+
{[%clk 0:00:24]} Kd6 {[%clk 0:00:19]} 44. f5 {[%clk 0:00:26]} Ra2
{[%clk 0:00:19]} 45. f6 {[%clk 0:00:25]} Rxa3 {[%clk 0:00:19]} 46. Rf5
{[%clk 0:00:25]} Rxc3 {[%clk 0:00:15]} 47. f7 {[%clk 0:00:26]} Kd5 1-0

[Event "Russian Blitz Team Championship (w)"]
[Site "Sochi"]
[Date "2022.10.17"]
[Round "7.3"]
[White "Stepanyan, Eva"]
[Black "Guseva, Marina"]
[Result "0-1"]
[BlackElo "2273"]
[WhiteElo "1903"]
[LiveChessVersion "1.4.8"]

1. e4 {[%clk 0:03:02]} c5 {[%clk 0:03:03]} 2. Nf3 {[%clk 0:03:02]} d6
{[%clk 0:03:04]} 3. d4 {[%clk 0:03:03]} cxd4 {[%clk 0:03:05]} 4. Nxd4
{[%clk 0:03:03]} Nf6 {[%clk 0:03:06]} 5. Nc3 {[%clk 0:03:03]} a6 {[%clk 0:03:07]}
6. Be2 {[%clk 0:03:03]} e5 {[%clk 0:03:07]} 7. Nb3 {[%clk 0:03:01]} Be7
{[%clk 0:03:08]} 8. Bg5 {[%clk 0:03:01]} Be6 {[%clk 0:03:02]} 9. Bxf6
{[%clk 0:02:58]} Bxf6 {[%clk 0:03:02]} 10. Nd5 {[%clk 0:02:56]} Bxd5
{[%clk 0:02:58]} 11. Qxd5 {[%clk 0:02:54]} Qc7 {[%clk 0:02:58]} 12. O-O-O
{[%clk 0:02:28]} Be7 {[%clk 0:02:58]} 13. Na5 {[%clk 0:02:13]} Nc6
{[%clk 0:02:31]} 14. Nxc6 {[%clk 0:01:50]} bxc6 {[%clk 0:02:32]} 15. Qd2
{[%clk 0:01:42]} a5 {[%clk 0:02:28]} 16. f4 {[%clk 0:01:35]} O-O {[%clk 0:01:54]}
17. fxe5 {[%clk 0:01:33]} dxe5 {[%clk 0:01:55]} 18. Bc4 {[%clk 0:01:10]} a4
{[%clk 0:01:42]} 19. a3 {[%clk 0:01:04]} Rab8 {[%clk 0:01:38]} 20. h4
{[%clk 0:00:50]} Bc5 {[%clk 0:01:29]} 21. c3 {[%clk 0:00:27]} Qb6
{[%clk 0:01:29]} 22. Rh3 {[%clk 0:00:27]} Bxa3 {[%clk 0:01:21]} 23. Rf1
{[%clk 0:00:16]} Bxb2+ {[%clk 0:01:06]} 24. Kc2 {[%clk 0:00:13]} Ba3
{[%clk 0:01:05]} 25. Qf2 {[%clk 0:00:03]} Qb2+ {[%clk 0:01:00]} 0-1